书目信息 |
| 题名: |
老年认知功能障碍的防治
|
|
| 作者: | 刘世文 主编 | |
| 分册: | ||
| 出版信息: | 广州 广东科技出版社 2022.01 |
|
| 页数: | 457页 | |
| 开本: | 22cm | |
| 丛书名: | 老年健康福祉应用技术系列丛书 | |
| 单 册: | ||
| 中图分类: | R749.1 | |
| 科图分类: | ||
| 主题词: | 老年人--lao nian ren--认知障碍--防治 | |
| 电子资源: | ||
| ISBN: | 978-7-5359-7717-5 | |
| 000 | 01173nam 2200253 450 | |
| 001 | CAL 0120227382755 | |
| 005 | 20230217093112.0 | |
| 010 | @a978-7-5359-7717-5@dCNY49.80 | |
| 100 | @a20220427d2022 em y0chiy0120 ea | |
| 101 | 0 | @achi |
| 102 | @aCN@b440000 | |
| 105 | @aa z 000yy | |
| 106 | @ar | |
| 200 | 1 | @a老年认知功能障碍的防治@Alao nian ren zhi gong neng zhang ai de fang zhi@f刘世文主编 |
| 210 | @a广州@c广东科技出版社@d2022.01 | |
| 215 | @a457页@c图@d22cm | |
| 225 | 2 | @a老年健康福祉应用技术系列丛书@Alao nian jian kang fu zhi ying yong ji shu xi lie cong shu |
| 330 | @a本丛书全套十册, 超过150万字, 汇聚了包括北京、上海、吉林、广东、湖北、四川、海南、黑龙江、山东、江苏、内蒙古共11个省、直辖市、自治区的4所大学院校、6所科研机构、17所国家三甲医院超过60位临床专家及教授、学者, 3年潜心耕耘始成。本书内容包括: 认知 ; 脑与认知功能的关系 ; 知觉障碍分类 ; 注意障碍 ; 记忆障碍 ; 执行能力障碍 ; 老年认知功能低下与认知症等。 | |
| 410 | 0 | @12001 @a老年健康福祉应用技术系列丛书 |
| 606 | 0 | @a老年人@Alao nian ren@x认知障碍@x防治 |
| 690 | @aR749.1@v5 | |
| 701 | 0 | @a刘世文@Aliu shi wen@4主编 |
| 801 | 0 | @aCN@bBJXHZP@c20230228 |
| 905 | @b1388881-4@dR749.1@e370@f4 | |
| 老年认知功能障碍的防治/刘世文主编.-广州:广东科技出版社,2022.01 |
| 457页:图;22cm.-(老年健康福祉应用技术系列丛书) |
| ISBN 978-7-5359-7717-5:CNY49.80 |
| 本丛书全套十册, 超过150万字, 汇聚了包括北京、上海、吉林、广东、湖北、四川、海南、黑龙江、山东、江苏、内蒙古共11个省、直辖市、自治区的4所大学院校、6所科研机构、17所国家三甲医院超过60位临床专家及教授、学者, 3年潜心耕耘始成。本书内容包括: 认知 ; 脑与认知功能的关系 ; 知觉障碍分类 ; 注意障碍 ; 记忆障碍 ; 执行能力障碍 ; 老年认知功能低下与认知症等。 |
| ● |
| 相关链接 |
|
|
|
|
正题名:老年认知功能障碍的防治
索取号:R749.1/370
 
预约/预借
| 序号 | 登录号 | 条形码 | 馆藏地/架位号 | 状态 | 备注 |
| 1 | 1388881 | 213888818 | 第二样本阅览室/ [索取号:R749.1/370] | 在馆 | |
| 2 | 1388882 | 213888827 | 第三借阅区/ [索取号:R749.1/370] | 在馆 | |
| 3 | 1388883 | 213888836 | 第三借阅区/ [索取号:R749.1/370] | 在馆 | |
| 4 | 1388884 | 213888845 | 第三借阅区/ [索取号:R749.1/370] | 在馆 |